| 000 | 00344nam a2200145Ia 4500 | ||
|---|---|---|---|
| 008 | 191201s2012 xx 000 0 und d | ||
| 082 |
_a624 _bSIC |
||
| 100 | _aSIKKA, VB | ||
| 245 | 0 | _aCourse in Civil Engineering Drawing | |
| 250 | _aRep | ||
| 260 |
_aN. Delhi _bS.K.Kataria _c2012 |
||
| 300 | _a545 | ||
| 650 | _aB.Tech(CE) | ||
| 942 |
_2ddc _cBK |
||
| 999 |
_c5419 _d5419 |
||